000 00778nam a22002417a 4500
999 _c14676
_d14676
003 AR-CdUCM
008 190424b ||||| |||| 00| 0 spa d
020 _a978-958-30-2333-0
040 _aMUNICIPALIDAD PROVINCIAL DEL CUSCO
_cBIBLIOTECA MUNICIPAL DEL CUSCO
041 _heng
082 _aPI / 803.08 /
_bW82
100 _aWolf, Tony
_933442
245 _aAladin y el misterio del Sultán /
260 _aBogota :
_bPanamericana,
_c2006.
300 _a33 páginas ;
_bIlustraciones,
_c20 cm.
505 _aContenido: Aladin y el misterio del Sultán.
650 _aCuentos infantiles
_93927
650 _aLectura infantil
_928296
650 _aAladin
_933538
700 _aMorales Mair, Constanza (traductor)
_933539
942 _2ddc
_cLIBROS
945 _acmm
_d2019-04-24